MARC

LEADER 00000nam0a2200000 4500
001 67226
005 20231031073404.0
035 |a (RuTPU)RU\TPU\book\71588 
090 |a 67226 
100 |a 20040914d1979 k y0rusy50 ca 
101 0 |a rus 
102 |a RU 
105 |a a z 001zy 
200 1 |a Углеграфитовые материалы  |f А. С. Фиалков 
210 |a Москва  |c Энергия  |d 1979 
215 |a 319 с.  |c ил. 
320 |a Библиогр.: с. 295-314 
320 |a Предметный указатель: с. 315-316 
610 1 |a углеграфитовые материалы 
610 1 |a структура 
610 1 |a свойства 
610 1 |a кокс 
610 1 |a сажа 
610 1 |a углеродные порошки 
610 1 |a пиролитический углерод 
610 1 |a формование 
610 1 |a спекание 
610 1 |a графитация 
675 |a 661.666.2  |v 3 
700 1 |a Фиалков  |b А. С.  |g Абрам Самуилович 
801 1 |a RU  |b 63413507  |c 20040914  |g PSBO 
801 2 |a RU  |b 63413507  |c 20160530  |g PSBO 
942 |c BK